[Event "Muensterland Verbandsliga 0809"]
[Site "Germany"]
[Date "2008.10.18"]
[Round "2.2"]
[White "Kortenbusch, Christoph"]
[Black "Kolakovic, Klaudio"]
[Result "1-0"]
[WhiteElo "2064"]
[BlackElo "2052"]
[PlyCount "103"]
[EventDate "2008.09.20"]
[EventType "team-tourn"]
[EventRounds "9"]
[EventCountry "GER"]
[SourceTitle "EXT 2010"]
[Source "ChessBase"]
[SourceDate "2010.11.25"]
[SourceVersion "1"]
[SourceVersionDate "2010.11.25"]
[SourceQuality "1"]
[WhiteTeam "Olfen"]
[BlackTeam "Stadtlohn"]
[WhiteTeamCountry "GER"]
[BlackTeamCountry "GER"]

1. g3 h5 2. Nf3 Nc6 3. d4 d5 4. Bg2 Bf5 5. c4 e6 6. Bg5 f6 7. Be3 Nb4 8. Na3 c6 9. Qb3 a5 10. Nh4 Bh7 11. cxd5 exd5 12. Bf3 g6 13. Ng2 Bd6 14. Bf4 Ne7 15. 0-0 0-0 16. Rfd1 Re8 17. Bxd6 Qxd6 18. Ne3 f5 19. Ng2 Kg7 20. Nc2 Nxc2 21. Qxc2 Bg8 22. h4 Bf7 23. Rac1 Nc8 24. Nf4 Nb6 25. Nd3 Nd7 26. Nc5 Nxc5 27. Qxc5 Qf6 28. Kg2 g5 29. hxg5 Qxg5 30. Rh1 f4 31. Qd6 fxg3 32. Qxg3 Kf6 33. Qxg5+ Kxg5 34. Rcg1 Rg8 35. Kf1+ Kh6 36. Rg3 Rxg3 37. fxg3 Kg5 38. Kf2 Rc8 39. Rc1 b6 40. a3 c5 41. Rc3 Kf6 42. Rb3 Rc6 43. dxc5 bxc5 44. Rb5 a4 45. Ra5 Ke5 46. Ra7 Bg6 47. Rxa4 Rb6 48. Ra5 Rxb2 49. Rxc5 Bf7 50. Rc7 Kf6 51. a4 Ra2 52. Rxf7+ 1-0

[Event "Muensterland Verbandsliga 0708"]
[Site "Germany"]
[Date "2008.02.09"]
[Round "6.4"]
[White "Kortenbusch, Christoph"]
[Black "Lodde, Martin"]
[Result "1/2-1/2"]
[WhiteElo "2064"]
[BlackElo "1936"]
[PlyCount "50"]
[EventDate "2007.09.08"]
[EventType "team"]
[EventRounds "9"]
[EventCountry "GER"]
[SourceTitle "EXT 2009"]
[Source "ChessBase"]
[SourceDate "2008.11.26"]
[SourceVersion "1"]
[SourceVersionDate "2008.11.26"]
[SourceQuality "1"]
[WhiteTeam "Olfen"]
[BlackTeam "Telgte"]
[WhiteTeamCountry "GER"]
[BlackTeamCountry "GER"]

1. c4 c6 2. e4 d5 3. exd5 cxd5 4. d4 Nf6 5. Nc3 e6 6. Nf3 Be7 7. c5 0-0 8. Bf4 b6 9. b4 a5 10. a3 Ne4 11. Na4 bxc5 12. bxc5 Ba6 13. Bxa6 Nxa6 14. 0-0 g5 15. Bg3 Nxg3 16. hxg3 Nb8 17. Nb6 Ra7 18. Re1 Bf6 19. Ne5 Bxe5 20. Rxe5 Nc6 21. Re2 Qf6 22. Rd2 Kg7 23. Qa4 Rc7 24. Nd7 Rxd7 25. Qxc6 Rdd8 1/2-1/2

[Event "Muensterland Verbandsliga 0708"]
[Site "Germany"]
[Date "2007.09.08"]
[Round "1.4"]
[White "Kortenbusch, Christoph"]
[Black "Haselhorst, Helmut"]
[Result "0-1"]
[WhiteElo "2064"]
[BlackElo "2146"]
[PlyCount "110"]
[EventDate "2007.09.08"]
[EventType "team"]
[EventRounds "9"]
[EventCountry "GER"]
[SourceTitle "EXT 2009"]
[Source "ChessBase"]
[SourceDate "2008.11.26"]
[SourceVersion "1"]
[SourceVersionDate "2008.11.26"]
[SourceQuality "1"]
[WhiteTeam "Olfen"]
[BlackTeam "Westbevern"]
[WhiteTeamCountry "GER"]
[BlackTeamCountry "GER"]

1. e4 Nf6 2. e5 Nd5 3. Nc3 c6 4. Nf3 d6 5. Bc4 e6 6. 0-0 Nd7 7. d4 dxe5 8. dxe5 Nxc3 9. bxc3 Be7 10. Qe2 0-0 11. Qe4 Re8 12. Rd1 Qc7 13. Bg5 Nxe5 14. Nxe5 Bxg5 15. Rd3 g6 16. Rad1 Bf6 17. Nd7 Bg7 18. Qh4 Qd8 19. Qf4 Qe7 20. Qc7 Kh8 21. Qa5 h6 22. f4 b6 23. Qb4 Bb7 24. Ne5 Qxb4 25. cxb4 Bxe5 26. fxe5 Re7 27. Rd6 Kg7 28. Be2 Rc8 29. R1d3 Ba6 30. Rd2 Bxe2 31. Rxe2 c5 32. b5 c4 33. Kf2 c3 34. Re4 Rc5 35. a4 Rec7 36. Ke3 g5 37. g4 Rc4 38. Rdd4 Rxd4 39. Kxd4 Kg6 40. Re3 h5 41. h3 hxg4 42. hxg4 f6 43. exf6 Kxf6 44. Rf3+ Ke7 45. Rh3 Kd6 46. Rh6 Rf7 47. Rg6 Rf4+ 48. Kxc3 Rxg4 49. Rg7 Rxa4 50. Rxg5 e5 51. Kb3 Ra1 52. c4 Rc1 53. Rg7 e4 54. Rxa7 e3 55. Ra8 e2 0-1

[Event "Muensterland Verbandsliga 0607"]
[Site "Germany"]
[Date "2007.02.24"]
[Round "6.5"]
[White "Gscheidmeyer, Hans Jochen"]
[Black "Kortenbusch, Christoph"]
[Result "1-0"]
[WhiteElo "2172"]
[BlackElo "2064"]
[PlyCount "61"]
[EventDate "2006.09.16"]
[EventType "team"]
[EventRounds "9"]
[EventCountry "GER"]
[SourceTitle "EXT 2008"]
[Source "ChessBase"]
[SourceDate "2007.11.25"]
[SourceVersion "1"]
[SourceVersionDate "2007.11.25"]
[SourceQuality "1"]
[WhiteTeam "Heiden"]
[BlackTeam "Olfen"]
[WhiteTeamCountry "GER"]
[BlackTeamCountry "GER"]

1. Nf3 c5 2. c4 Nf6 3. Nc3 Nc6 4. d4 cxd4 5. Nxd4 g6 6. e4 Bg7 7. Be3 Ng4 8. Qxg4 Nxd4 9. Qd1 Ne6 10. Qd2 Qa5 11. Rc1 d6 12. Be2 g5 13. 0-0 h5 14. a3 Be5 15. b4 Qxa3 16. Nb5 Qa4 17. Rc2 a6 18. Ra2 axb5 19. Rxa4 bxa4 20. c5 Nf4 21. Bb5+ Bd7 22. Bxd7+ Kxd7 23. g3 Rhg8 24. Kh1 Nh3 25. f4 gxf4 26. gxf4 Bxf4 27. Bxf4 Rg6 28. Bxd6 exd6 29. Qxd6+ Ke8 30. Qe5+ Kf8 31. Qxh5 1-0